| 000 | 00649nam a22002057a 4500 | ||
|---|---|---|---|
| 003 | OSt | ||
| 005 | 20260310102529.0 | ||
| 008 | 260310b |||||||| |||| 00| 0 eng d | ||
| 020 | _a9789966287786 | ||
| 040 | _cAlupe University | ||
| 050 |
_aHF5635 _b.S25 2017 |
||
| 100 | _aSaleemi, Nisar Ahmad. | ||
| 245 |
_aFinancial accounting simplified _cNisar Ahmad Saleemi. |
||
| 250 | _aEast Africa edition | ||
| 260 |
_aNairobi _bSaleemi Publications _cc2017 |
||
| 300 |
_a494 pages _billustrations _c21 cm |
||
| 500 | _aA text book for financial accounting papers of C.P.A., C.C.A. | ||
| 650 | _aAccounting. Financial accounting. | ||
| 942 |
_2lcc _cBK _nTB |
||
| 999 |
_c6040 _d6040 |
||